000 00249nam a2200109Ia 4500
008 220204s9999 xx 000 0 und d
082 _a82-3
_bTHO
100 _aThorp, Roderick
245 0 _aWestfield
260 _aToronto
_bBantam
_c1979
942 _cBK
999 _c33492
_d33492